000 00722nam a2200229Ii 4500
003 JO-AjNU
008 230606s9999||||xx |||||||||||||| ||und||
020 _a0-7136-3040-X
040 _aJO-AjNU
_beng
_erda
_cJO-AjNU
041 _aeng
050 1 4 _aPN1.A88 1980
100 3 _a Wilde, Oscar ؛ Edit by Rrussell Jackson,
_eauthor
_92700
245 0 4 _aTHE NEW MERMAIDS: The Importance Of Being Earnest
250 _a1 ed
264 3 1 _aNew york: W W Norton, 1980
300 _a128P
336 _atext
_btxt
_2rdacontent
337 _aunmediated
_bn
_2rdamedia
338 _avolume
_bnc
_2rdacarrier
490 0 _a London English literature series
650 4 _aImportance of being earnest - Criticism - Textual
_92701
999 _aE1414
_c1414
_d1414